| 000 | 00771nam a2200265 4500 | ||
|---|---|---|---|
| 001 | 45430 | ||
| 010 | _a9789722340649 | ||
| 021 | _b286282/08 | ||
| 090 | _a45430 | ||
| 100 | _a20100914d2009 m y0pory5003 ba | ||
| 101 | 1 | _apor | |
| 102 | _aPT | ||
| 200 | 1 |
_aO segredo de Copérnico _fJean-Pierre Luminet _gtrad. Filipe Guerra |
|
| 205 | _a1.ª ed. | ||
| 210 | 9 |
_aLisboa _cPresença, _d2009 |
|
| 215 |
_a291, [5] p. _cil. _d23 cm |
||
| 225 | 2 |
_aGrandes narrativas _v420 |
|
| 304 | _aTít. orig.: Le secret de Copernic | ||
| 675 |
_a929Copérnico, Nicolau _vBN _zpor |
||
| 675 |
_a52Copérnico, Nicolau _vBN _zpor |
||
| 675 |
_a821.133.1-94"19/20" _vBN _zpor |
||
| 700 | 1 |
_aLuminet, _bJean-Pierre |
|
| 702 | 1 |
_aGuerra, _bFilipe, _f1948-2025 _4730 |
|
| 801 | 0 |
_aPT _bBN _gRPC |
|
| 990 | _cLIVROS | ||